| 000 | 01019cam a2200229 4500 | ||
|---|---|---|---|
| 001 | ABS63901 | ||
| 008 | 000000n2001 000 0 eng u | ||
| 035 | _a(Sirsi) u112365 | ||
| 100 | _aHolloway, J. | ||
| 245 | _aFrom beyond the grave | ||
| 260 | _c2001 | ||
| 490 |
_aBuilding _v266(8181) 20 April 2001, 50-51(2) |
||
| 520 | _aConsiders the implications of a solicitors negligence case which may have implications for the constuction industry in general. In "Cave vs Robinson, Jarvis and Rolf", a negligence case was brought outside of previously accepted periods. The fact that the case was successful means that many other authorities could be affected. For example an architect could be found liable because of negligence many years after plans have been drawn up. | ||
| 590 | _aABS | ||
| 650 | _aNEGLIGENCE | ||
| 650 | _aCAVE V ROBINSON JARVIS AND ROLF | ||
| 650 | _aLIMITATION ACT 1980 | ||
| 650 | _aCONTRACTORS | ||
| 650 | _aARCHITECTS | ||
| 690 | _aPROFESSIONAL PRACTICE-NEGLIGENCE | ||
| 942 | _n0 | ||
| 999 |
_c66875 _d66875 |
||